| 000 | 00932nas a2200265 4500 | ||
|---|---|---|---|
| 001 | BR2022000291 | ||
| 003 | BR-BrBNA | ||
| 005 | 20231205132237.0 | ||
| 007 | ta | ||
| 008 | 230509b bl.|||p| |||| 00| 00por d | ||
| 040 |
_aBR-BrBNA _bpor _cBiblioteca Nacional de Agricultura |
||
| 041 | _a(Pt) | ||
| 072 | _aL40 | ||
| 100 | 1 | _aFigueiredo, S.I.S. | |
| 100 | 1 | _aAraújo, E.G. | |
| 100 | 1 | _aAraújo, L.B.M. | |
| 100 | 1 | _aFerraz, R.H.S. | |
| 245 | 1 | _aBases ósseas e musculares dos cortes comerciais da cauda de jacaré-do-Pantanal (Caiman yacare Daudin 1802) | |
| 650 | _aJACARÉ | ||
| 650 | _aMORFOLOGIA ANIMAL | ||
| 773 | 0 |
_tArquivo Brasileiro de Medicina Veterinária e Zootecnia (Brazil) _xISSN 1678-4162 _g(May-Jun 2015), v. 67(3) p. 909-917 _wBR2022000291 |
|
| 856 | 4 | 0 | _uhttps://www.scielo.br/j/abmvz/a/ddnncCTZy7kTTKwgNs7TFtg/?format=pdf lang=pt |
| 909 |
_a202311 _bLúcia _c55 _dLúcia Elande |
||
| 942 |
_2AGRIS _n0 _cANA |
||
| 999 |
_c259257 _d259257 |
||